Statistics for Celebrity Mugshots Quiz #1

Click here to take the quiz!

General Stats

  • This quiz has been taken 186,716 times
    (44,622 since last reset)
  • The average score is 11 of 16

Answer Stats

Answer% Correct
Eminem
90%
Mike Tyson
88%
Elvis Presley
87%
Nicolas Cage
81%
Jay-Z
78%
Charlie Sheen
77%
Bill Cosby
70%
Macaulay Culkin
68%
Lindsay Lohan
67%
Marilyn Manson
64%
Shia LaBeouf
58%
Tupac Shakur
53%
Matthew McConaughey
49%
Tim Allen
48%
Snooki
45%
James Brown
31%

Score Distribution

Percentile by Number Answered

Percent of People with Each Score

Your Score History

You have not taken this quiz since the last reset